00461cam a2200169ua 45000010005000000080039000050400009000440820013000531000028000662450043000942500009001372600046001463000016001926530019002086530017002277000047002443387111021n ii |||gr||||Z||||||asm cMAIN a891.4513 aBhaduri, Taroon Coomer,11aHis highnesscby Taroon Coomer Bhaduri a3rd. aNew Delhi:bCine tarika Publications,984. a98p:c23cm. aAssamese novel aHis highness aBaruah, Khagendra Narayan Dutta ,eAuthor.